banner-ar

الاثار والحضارة فى التاريخ العربى القديم / (Record no. 65450)

MARC details
000 -الفاتح
حقل البيانات ثابتة الطول 01028nam a22002657a 4500
005 - وقت وتاريخ اخر تعامل مع التسجيلة
رقم الضبط 20240530110825.0
008 - عناصر البيانات ثابتة الطول - معلومات عامة
حقل البيانات ثابتة الطول 190805s2018 ua a g b 000 0 ara d
017 ## - رقم الايداع القانونى
رقم الايداع القانونى 2017/17136
المصدر ( الهيئة المختصة) مصر . دار الكتب المصرية
020 ## - الرقم الدولى المعيارى للكتب
الرقم الدولى المعيارى للكتاب 9789773500403
040 ## - مصدر الفهرسة
وكالة الفهرسة الأصلية EG-CaGPL
082 04 - رقم تصنيف ديوى العشرى
رقم الطبعة 21
رقم التصنيف 939.4/
رقم المادة أ آ
100 0# - المدخل الرئيسى - إسم شخصى
الإسم الشخصى اسمهان سعيد الجرو
245 12 - بيان العنوان
العنوان الاثار والحضارة فى التاريخ العربى القديم /
بيان المسئوليه,etc اسمهان سعيد الجرو
250 ## - بيان الطبعة
بيان الطبعة ط.1
260 ## - PUBLICATION, DISTRIBUTION, ETC. (IMPRINT)
تاريخ النشر أو التوزيع 2018
300 ## - الوصف المادى
التعداد 292 ص. :
تفاصيل ماديه اخرى للوعاء ايض. ؛
أبعاد الوعاء 24 سم.
504 ## - تبصرة ببليوجرافية
تبصرة ببليوجرافية,الخ ببليوجرافية : ص 270 - 283
650 07 - المدخل الاضافى بالموضوع-مصطلح موضوعى
مصطلح موضوعي الزراعة
التقسيم الفرعي الجغرافي اليمن القديم
650 07 - المدخل الاضافى بالموضوع-مصطلح موضوعى
مصطلح موضوعي العمارة
التقسيم الفرعي الجغرافي اليمن القديم
651 07 - المدخل الاضافى بالموضوع - اسم جغرافى
الاسم الجغرافي اليمن القديم
التقسيم الفرعي العام تاريخ
651 07 - المدخل الاضافى بالموضوع - اسم جغرافى
الاسم الجغرافي اليمن القديم
التقسيم الفرعي العام تجارة
651 07 - المدخل الاضافى بالموضوع - اسم جغرافى
الاسم الجغرافي اليمن القديم
التقسيم الفرعي العام ديانات
942 ## - عناصر المدخل الإضافي( كوها)
مصدر التصنيف او مخطط الترفيف Dewey Decimal Classification
Koha [default] item type كتاب
260 ## - PUBLICATION, DISTRIBUTION, ETC. (IMPRINT)
-- القاهرة :
-- دار الكتاب الحديث ،
Holdings
حالة التراجع حالة الفقد حالة تلف ليس للاعارة المكان المؤقت الموقع الحالى موقع الترفيف تاريخ الاكتساب اجمالي اﻻعارات رقم الطلب الباركود تاريخ اخر مشاهدة تاريخ تفعيل السعر نوع وعاء كوها
        مكتبة القاهرة الكبرى مكتبة القاهرة الكبرى القاعة الرئيسية 08/05/2019   939.4/ أ آ 166317 08/05/2019 08/05/2019 كتاب

Powered By

EGPV